90 Χρόνια Γενικής Συνομοσπονδίας Εργατών Ελλάδας
Αποθηκεύτηκε σε:
| Κύριος συγγραφέας: | |
|---|---|
| Μορφή: | Βιβλίο |
| Γλώσσα: | Greek |
| Δημοσίευση: |
Αθήνα :
Αρχείο Ιστορίας Συνδικάτων ΑΡ.ΙΣΤΟ.Σ - Γ.Σ.Ε.Ε.,
2009
|
| Θέματα: | |
| Ετικέτες: |
Προσθήκη ετικέτας
Δεν υπάρχουν, Καταχωρήστε ετικέτα πρώτοι!
|
MARC
| LEADER | 00000cam a2200000 i 4500 | ||
|---|---|---|---|
| 001 | 1/47041 | ||
| 008 | 140512s2009 gre d | ||
| 020 | |a 978-960-88885-5-5 (pbk.) | ||
| 035 | |l 10117586 | ||
| 040 | |a GR-MY-UA |b gre |e aacr | ||
| 041 | 0 | |a gre | |
| 082 | 0 | |a 331.8809495 |2 (23) | |
| 100 | 1 | |a Λιβιεράτος, Δημήτρης, |d 1927- | |
| 245 | 1 | 0 | |a 90 Χρόνια Γενικής Συνομοσπονδίας Εργατών Ελλάδας / |c Δημήτρης Λιβιεράτος |
| 246 | 3 | 3 | |a 90 Χρόνια Γ.Σ.Ε.Ε. |
| 260 | |a Αθήνα : |b Αρχείο Ιστορίας Συνδικάτων ΑΡ.ΙΣΤΟ.Σ - Γ.Σ.Ε.Ε., |c 2009 | ||
| 300 | |a 224 σ.; |b φωτ.; |c 24 εκ. | ||
| 504 | |a Βιβλιογραφία: σ.219-220 | ||
| 650 | 0 | 0 | |a Labor movement |z Greece |x History |x 20th century. |
| 852 | |a INST |b CHIOS |e 20140512 |h 331.8809495 ΛΙΒ |p 005200036132 |q 005200036132 |t BK |y 0 | ||
| 901 | |a BIBL2-2014-2 | ||
| 909 | |a Χ |b 180645 | ||
| 970 | |a ΣΠΕΝΤΖΑ |b ΕΛΕΝΗ |z 2014/05/12 | ||